A történelemmel kapcsolatos episztemológiai nézetek tartalomba ágyazott fejlesztése egyetemi hallgatók körében [absztrakt] /

Elmentve itt :
Bibliográfiai részletek
Szerző: Dancs Katinka
Testületi szerző: XX. Pedagógiai Értékelési Konferencia
Dokumentumtípus: Könyv része
Megjelent: Szegedi Tudományegyetem, Neveléstudományi Doktori Iskola Szeged 2024
Sorozat:Pedagógiai Értékelési Konferencia 20
Kulcsszavak:Történelemdidaktika - felsőoktatás - előadáskivonat
Tárgyszavak:
Online Access:http://acta.bibl.u-szeged.hu/85440
LEADER 00967naa a2200217 i 4500
001 acta85440
005 20240912090925.0
008 240912s2024 hu o 100 hun d
020 |a 978-963-306-982-0 
040 |a SZTE Egyetemi Kiadványok Repozitórium  |b hun 
041 |a hun 
100 1 |a Dancs Katinka 
245 1 2 |a A történelemmel kapcsolatos episztemológiai nézetek tartalomba ágyazott fejlesztése egyetemi hallgatók körében   |h [elektronikus dokumentum] :  |b [absztrakt] /  |c  Dancs Katinka 
260 |a Szegedi Tudományegyetem, Neveléstudományi Doktori Iskola  |b Szeged  |c 2024 
300 |a 48 
490 0 |a Pedagógiai Értékelési Konferencia  |v 20 
650 4 |a Társadalomtudományok 
650 4 |a Oktatástudomány 
695 |a Történelemdidaktika - felsőoktatás - előadáskivonat 
711 |a XX. Pedagógiai Értékelési Konferencia  |c Szeged  |d 2024. április 25-27. 
856 4 0 |u http://acta.bibl.u-szeged.hu/85440/1/pek_2024_048.pdf  |z Dokumentum-elérés